[Event "Young Stars of the World 2007"]
[Site "Kirishi RUS"]
[Date "2007.05.20"]
[Round "5.3"]
[White "Gorovykh, Eduard"]
[Black "Grigoryan, Avetik"]
[Result "0-1"]
[WhiteElo "2416"]
[BlackElo "2455"]
[PlyCount "100"]
[EventDate "2007.05.14"]
[EventType "tourn"]
[EventRounds "11"]
[EventCountry "RUS"]
[Source "lmi"]
[SourceDate "2007.05.14"]

1. e4 e6 2. d4 d5 3. Nc3 Bb4 4. e5 Ne7 5. a3 Bxc3+ 6. bxc3 c5 7. Qg4 O-O 8. Bd3
Nbc6 9. Nf3 f5 10. exf6 Rxf6 11. Ne5 Nxe5 12. dxe5 Rf7 13. Qh4 h6 14. Bg6 Rf8
15. Bg5 Nxg6 16. Bxd8 Nxh4 17. Bxh4 Rf4 18. Be7 Rc4 19. Kd2 Bd7 20. Rhb1 b6 21.
Rb2 Rc8 22. Rc1 Kf7 23. Bd6 g5 24. f3 Ra4 25. Ra2 Kg6 26. Raa1 Rh8 27. Re1 Rc4
28. Rab1 Ba4 29. Kd3 Rc8 30. Rec1 b5 31. Rb2 h5 32. Kd2 a5 33. Ra2 d4 34. cxd4
cxd4 35. Rb2 Rc3 36. Ra2 d3 37. Raa1 dxc2 38. Re1 R3c4 39. Kc1 Rd4 40. Kb2 Rd2
41. Rac1 Rc4 42. Rg1 h4 43. h3 Rd1 44. Be7 Rcd4 45. Bc5 Rxg1 46. Bxd4 Rxg2 47.
Bc3 Rf2 48. Bxa5 Rxf3 49. Rh1 Rb3+ 50. Ka2 Rxh3 0-1

[Event "Young Stars of the World 2007"]
[Site "Kirishi RUS"]
[Date "2007.05.20"]
[Round "5.4"]
[White "Zhigalko, Sergei"]
[Black "Popov, Ivan"]
[Result "1-0"]
[WhiteElo "2540"]
[BlackElo "2533"]
[PlyCount "95"]
[EventDate "2007.05.14"]
[EventType "tourn"]
[EventRounds "11"]
[EventCountry "RUS"]
[Source "lmi"]
[SourceDate "2007.05.14"]

1. e4 c6 2. d4 d5 3. e5 Bf5 4. Nd2 e6 5. Nb3 Nd7 6. Nf3 Ne7 7. Be2 Nc8 8. O-O
Be7 9. Ne1 Bg6 10. Nd3 Ncb6 11. c3 Qc7 12. Nf4 Nf8 13. Be3 f6 14. Nxg6 hxg6 15.
f4 Nfd7 16. a4 a5 17. h3 f5 18. Nd2 Kf7 19. Rc1 Rhd8 20. Bf2 Rh8 21. Kh1 g5 22.
fxg5 Bxg5 23. b3 Be7 24. Nf3 Rag8 25. Qd3 g5 26. Nh2 Ke8 27. g4 f4 28. Kg2 Nf8
29. Nf3 Ng6 30. c4 Kf7 31. Qc2 Rh6 32. Bd3 Kg7 33. Rb1 Ra8 34. c5 Nd7 35. b4
axb4 36. Rxb4 b6 37. cxb6 Nxb6 38. Rb3 Nd7 39. Rfb1 Nh8 40. Rc3 Nb8 41. Bb5 Nf7
42. Bxc6 Nxc6 43. Rxc6 Qa5 44. Rb7 Bd8 45. Rd6 Ra7 46. Rdd7 Rxb7 47. Rxb7 Qa6
48. Qc8 1-0

[Event "Young Stars of the World 2007"]
[Site "Kirishi RUS"]
[Date "2007.05.20"]
[Round "5.5"]
[White "Lintchevski, Daniil"]
[Black "Safarli, Eltaj"]
[Result "1-0"]
[WhiteElo "2445"]
[BlackElo "2463"]
[PlyCount "63"]
[EventDate "2007.05.14"]
[EventType "tourn"]
[EventRounds "11"]
[EventCountry "RUS"]
[Source "lmi"]
[SourceDate "2007.05.14"]

1. e4 c5 2. Nf3 d6 3. d4 cxd4 4. Nxd4 Nf6 5. Nc3 a6 6. Be3 e5 7. Nf3 Qc7 8. a4
b6 9. Nd5 Nxd5 10. Qxd5 Bb7 11. Qb3 Bxe4 12. Bc4 Be7 13. Bxf7+ Kf8 14. Bd5 Bxd5
15. Qxd5 Qc6 16. Qe6 Qd7 17. Qb3 Nc6 18. O-O Bf6 19. Rad1 Ke7 20. Ng5 Nd8 21.
Qxb6 Rc8 22. Qxa6 Rxc2 23. Ne4 Rc6 24. Qe2 Nf7 25. Nc3 Rhc8 26. a5 Qb7 27. Nd5+
Kf8 28. b4 Rc2 29. Qd3 Ra2 30. Qxh7 Rcc2 31. Qd3 Qd7 32. a6 1-0

[Event "Young Stars of the World 2007"]
[Site "Kirishi RUS"]
[Date "2007.05.20"]
[Round "5.6"]
[White "Kuzubov, Yuriy"]
[Black "Mamedov, Rauf"]
[Result "1/2-1/2"]
[WhiteElo "2564"]
[BlackElo "2584"]
[PlyCount "67"]
[EventDate "2007.05.14"]
[EventType "tourn"]
[EventRounds "11"]
[EventCountry "RUS"]
[Source "lmi"]
[SourceDate "2007.05.14"]

1. d4 g6 2. c4 Bg7 3. Nc3 f5 4. e4 fxe4 5. Nxe4 Nf6 6. Nc3 O-O 7. Nf3 c5 8. Be2
cxd4 9. Nxd4 a6 10. O-O d6 11. Bf3 e5 12. Nc2 Nc6 13. Bg5 Be6 14. Qe2 Qc7 15.
Rfd1 Rae8 16. Bxf6 Bxf6 17. Bd5 e4 18. Qxe4 Qf7 19. Rd2 Na5 20. Qd3 Bxd5 21.
cxd5 b5 22. Nd4 Bxd4 23. Qxd4 Nc4 24. Rc2 Qf5 25. Qd1 b4 26. Na4 Re4 27. Rac1
Rf4 28. Qe2 Ne5 29. f3 Rh4 30. Qe3 Nd3 31. Rd1 Ne5 32. Rdc1 Nd3 33. Rd1 Ne5 34.
Rdc1 1/2-1/2

[Event "Young Stars of the World 2007"]
[Site "Kirishi RUS"]
[Date "2007.05.21"]
[Round "6.1"]
[White "Negi, Parimarjan"]
[Black "Mamedov, Rauf"]
[Result "1/2-1/2"]
[WhiteElo "2515"]
[BlackElo "2584"]
[PlyCount "118"]
[EventDate "2007.05.14"]
[EventType "tourn"]
[EventRounds "11"]
[EventCountry "RUS"]
[Source "lmi"]
[SourceDate "2007.05.14"]

1. e4 c5 2. Nf3 a6 3. Nc3 b5 4. d4 cxd4 5. Nxd4 Bb7 6. a3 d6 7. f4 Nd7 8. Bd3
Ngf6 9. O-O e5 10. fxe5 dxe5 11. Nf5 h6 12. Qf3 g6 13. Ne3 Bg7 14. Ned5 O-O 15.
Nxf6+ Nxf6 16. Bxh6 Bxh6 17. Qxf6 Qxf6 18. Rxf6 Kg7 19. Rd6 Be3+ 20. Kf1 Rfc8
21. Nd5 Bc5 22. Rd7 Bc6 23. Rc7 Rxc7 24. Nxc7 Ra7 25. Nd5 f5 26. b4 Bd4 27. c3
Rf7 28. exf5 Bxd5 29. cxd4 e4 30. Be2 gxf5 31. Rc1 Kf6 32. g3 Rh7 33. Kg1 Ke6
34. Rc8 Kd7 35. Rf8 Ke6 36. Rc8 Kd7 37. Rf8 Bf7 38. Ra8 Ke7 39. Rxa6 Rh8 40.
Bxb5 Rd8 41. Ra7+ Kf6 42. Rd7 Rc8 43. Rd6+ Ke7 44. Rc6 Ra8 45. a4 Rd8 46. Rc7+
Kf6 47. Bd7 e3 48. Kf1 Bh5 49. b5 f4 50. gxf4 e2+ 51. Kf2 Rg8 52. Rc1 Rd8 53.
Rc7 Rg8 54. Rc1 Rd8 55. Bc6 Rxd4 56. Re1 Rxf4+ 57. Ke3 Rxa4 58. b6 Rb4 59. b7
Ke5 1/2-1/2

[Event "Young Stars of the World 2007"]
[Site "Kirishi RUS"]
[Date "2007.05.21"]
[Round "6.2"]
[White "Safarli, Eltaj"]
[Black "Kuzubov, Yuriy"]
[Result "0-1"]
[WhiteElo "2463"]
[BlackElo "2545"]
[PlyCount "96"]
[EventDate "2007.05.14"]
[EventType "tourn"]
[EventRounds "11"]
[EventCountry "RUS"]
[Source "lmi"]
[SourceDate "2007.05.14"]

1. e4 c5 2. Nf3 d6 3. d4 cxd4 4. Nxd4 Nf6 5. Nc3 a6 6. Bg5 e6 7. f4 Nbd7 8. Qe2
Be7 9. O-O-O Qc7 10. Nf3 h6 11. Bh4 e5 12. Nd5 Nxd5 13. exd5 Bxh4 14. Nxh4 O-O
15. g3 Re8 16. Bg2 Nf6 17. Qd2 Bg4 18. Rde1 exf4 19. gxf4 Qc4 20. Kb1 Rac8 21.
h3 Bd7 22. Bf3 Rxe1+ 23. Rxe1 Bxh3 24. Rh1 Re8 25. b3 Qc8 26. Qd3 h5 27. Rg1
Qc5 28. Rh1 Bd7 29. Nf5 Qb4 30. Rg1 Re1+ 31. Rxe1 Qxe1+ 32. Kb2 Qb4 33. Nd4 Qc5
34. c4 Kf8 35. Be2 Qc8 36. f5 Qe8 37. Ne6+ fxe6 38. dxe6 Bc6 39. Qxd6+ Kg8 40.
b4 Be4 41. e7 Bxf5 42. c5 Kh7 43. b5 axb5 44. Bf3 Ng8 45. Qe5 Bg6 46. Bd5 Nxe7
47. Bb3 Nc6 48. Qh2 Qe5+ 0-1

[Event "Young Stars of the World 2007"]
[Site "Kirishi RUS"]
[Date "2007.05.21"]
[Round "6.3"]
[White "Popov, Ivan"]
[Black "Lintchevski, Daniil"]
[Result "1-0"]
[WhiteElo "2533"]
[BlackElo "2445"]
[PlyCount "79"]
[EventDate "2007.05.14"]
[EventType "tourn"]
[EventRounds "11"]
[EventCountry "RUS"]
[Source "lmi"]
[SourceDate "2007.05.14"]

1. e4 e6 2. d4 d5 3. Nc3 Nf6 4. Bg5 dxe4 5. Nxe4 Nbd7 6. Nf3 h6 7. Nxf6+ Nxf6
8. Bxf6 Qxf6 9. Bb5+ c6 10. Bd3 Bd7 11. Ne5 Bd6 12. Qe2 O-O-O 13. O-O Kb8 14.
Qe3 Bxe5 15. dxe5 Qe7 16. Be4 f5 17. exf6 gxf6 18. f4 Bc8 19. Rad1 Qb4 20. b3
Qa5 21. a4 Rhg8 22. Bf3 Qb4 23. Kf2 Qa5 24. Rxd8 Rxd8 25. Rd1 Rxd1 26. Bxd1 Kc7
27. Bf3 Bd7 28. Kg3 Kd8 29. h3 e5 30. f5 Bxf5 31. Qxh6 Qe1+ 32. Kh2 Bxc2 33.
Qxf6+ Kc7 34. Qe7+ Kb6 35. b4 Qd2 36. Qxe5 Qxb4 37. a5+ Ka6 38. Be2+ b5 39.
axb6+ Kxb6 40. Qb8+ 1-0

[Event "Young Stars of the World 2007"]
[Site "Kirishi RUS"]
[Date "2007.05.21"]
[Round "6.4"]
[White "Grigoryan, Avetik"]
[Black "Zhigalko, Sergei"]
[Result "1-0"]
[WhiteElo "2455"]
[BlackElo "2540"]
[PlyCount "77"]
[EventDate "2007.05.14"]
[EventType "tourn"]
[EventRounds "11"]
[EventCountry "RUS"]
[Source "lmi"]
[SourceDate "2007.05.14"]

1. d4 Nf6 2. Nf3 e6 3. c4 b6 4. g3 Ba6 5. b3 Bb4+ 6. Bd2 Be7 7. Bg2 c6 8. O-O
d5 9. Qc2 Nbd7 10. Bf4 O-O 11. Rd1 h6 12. Nc3 Rc8 13. e4 dxc4 14. Nd2 c5 15. d5
e5 16. Be3 b5 17. bxc4 b4 18. Na4 Ng4 19. Nf1 Nxe3 20. Nxe3 Bg5 21. Nf5 g6 22.
h4 gxf5 23. hxg5 fxe4 24. Bh3 hxg5 25. Qxe4 Kg7 26. Kg2 Rh8 27. Rh1 Nf6 28.
Qxe5 Bxc4 29. Qxg5+ Kf8 30. Bxc8 Bxd5+ 31. f3 Bxf3+ 32. Kxf3 Qd3+ 33. Qe3 Qd5+
34. Kf2 Ne4+ 35. Ke2 Rg8 36. g4 Qc4+ 37. Qd3 Ng3+ 38. Ke3 Nf5+ 39. Bxf5 1-0

[Event "Young Stars of the World 2007"]
[Site "Kirishi RUS"]
[Date "2007.05.21"]
[Round "6.5"]
[White "Bindrich, Falko"]
[Black "Gorovykh, Eduard"]
[Result "0-1"]
[WhiteElo "2469"]
[BlackElo "2416"]
[PlyCount "112"]
[EventDate "2007.05.14"]
[EventType "tourn"]
[EventRounds "11"]
[EventCountry "RUS"]
[Source "lmi"]
[SourceDate "2007.05.14"]

1. e4 c5 2. Nf3 d6 3. d4 cxd4 4. Nxd4 Nf6 5. Nc3 g6 6. Be3 Bg7 7. f3 O-O 8. Qd2
Nc6 9. Bc4 Bd7 10. Bb3 Rc8 11. O-O-O Ne5 12. Kb1 Re8 13. h4 h5 14. g4 hxg4 15.
h5 Nxh5 16. Bh6 e6 17. Rdg1 Qf6 18. fxg4 Bxh6 19. Qxh6 Qg7 20. Qxg7+ Nxg7 21.
Ndb5 Bxb5 22. Nxb5 Red8 23. Nxa7 Rc5 24. a4 Ne8 25. Rg3 Nf6 26. Rgh3 Kg7 27. g5
Nxe4 28. Rh7+ Kf8 29. Bxe6 Ke7 30. b4 Kxe6 31. bxc5 Ra8 32. Nb5 Rxa4 33. Nxd6
Nxc5 34. Ne8 Ne4 35. R7h4 Nf3 36. Ng7+ Ke5 37. Rh8 Nexg5 38. Rc8 Ne4 39. Rc7
Rb4+ 40. Ka2 f5 41. Rh6 g5 42. Re6+ Kf4 43. Ree7 b6 44. Ka3 Rb1 45. Rc4 Nfd2
46. Rd4 g4 47. Rf7 Rb5 48. Rb4 Ra5+ 49. Ra4 Re5 50. Rd4 g3 51. Rd3 Kg4 52. Rf8
f4 53. Ne8 Nc4+ 54. Kb4 Ne3 55. Rd7 g2 56. Nf6+ Kf3 0-1

[Event "Young Stars of the World 2007"]
[Site "Kirishi RUS"]
[Date "2007.05.23"]
[Round "7.1"]
[White "Nepomniachtchi, Ian"]
[Black "Negi, Parimarjan"]
[Result "1-0"]
[WhiteElo "2602"]
[BlackElo "2515"]
[PlyCount "89"]
[EventDate "2007.05.14"]
[EventType "tourn"]
[EventRounds "11"]
[EventCountry "RUS"]
[Source "lmi"]
[SourceDate "2007.05.14"]

1. Nf3 Nf6 2. c4 e6 3. Nc3 c5 4. d4 cxd4 5. Nxd4 Bb4 6. g3 Ne4 7. Qd3 Bxc3+ 8.
bxc3 Nc5 9. Qe3 b6 10. Bg2 Bb7 11. Bxb7 Nxb7 12. Ba3 Nc6 13. Nxc6 dxc6 14. Rd1
Qc7 15. Qg5 f6 16. Qh5+ g6 17. Qh4 Kf7 18. c5 Nxc5 19. Bxc5 bxc5 20. Qh6 Rad8
21. O-O e5 22. Rxd8 Qxd8 23. Rb1 Qe7 24. a4 Ke6 25. Qh4 Kf7 26. a5 Kg7 27. a6
Rc8 28. Qc4 Rc7 29. Rb8 f5 30. Qb3 Qf7 31. c4 Kf6 32. Rb7 Ke6 33. Qb2 f4 34.
Qb1 fxg3 35. hxg3 Qd7 36. Kg2 Qd6 37. Rb8 Rf7 38. Re8+ Re7 39. Rh8 Kd7 40. Qh1
h5 41. Qb1 Qf6 42. Qb7+ Ke6 43. Qc8+ Rd7 44. Re8+ Kd6 45. Qb8+ 1-0

[Event "Young Stars of the World 2007"]
[Site "Kirishi RUS"]
[Date "2007.05.23"]
[Round "7.2"]
[White "Gorovykh, Eduard"]
[Black "Andriasian, Zaven"]
[Result "0-1"]
[WhiteElo "2416"]
[BlackElo "2523"]
[PlyCount "56"]
[EventDate "2007.05.14"]
[EventType "tourn"]
[EventRounds "11"]
[EventCountry "RUS"]
[Source "lmi"]
[SourceDate "2007.05.14"]

1. e4 c5 2. Nf3 d6 3. c3 Nf6 4. Be2 Nc6 5. d4 cxd4 6. cxd4 d5 7. e5 Ne4 8. O-O
e6 9. Be3 Be7 10. Nbd2 Nxd2 11. Qxd2 O-O 12. Rac1 Bd7 13. Bd3 Qb6 14. Bb1 Rfc8
15. a3 a5 16. Rcd1 a4 17. Bg5 Bf8 18. Qd3 g6 19. Bc1 Na5 20. Ng5 Qb3 21. Qd2
Rc7 22. Rfe1 Be8 23. Qf4 h6 24. Nh3 Rac8 25. Rd3 Rxc1 26. Rxc1 Qxb2 27. Rcd1
Nb3 28. Re1 Nc1 0-1

[Event "Young Stars of the World 2007"]
[Site "Kirishi RUS"]
[Date "2007.05.23"]
[Round "7.3"]
[White "Zhigalko, Sergei"]
[Black "Bindrich, Falko"]
[Result "1/2-1/2"]
[WhiteElo "2540"]
[BlackElo "2469"]
[PlyCount "87"]
[EventDate "2007.05.14"]
[EventType "tourn"]
[EventRounds "11"]
[EventCountry "RUS"]
[Source "lmi"]
[SourceDate "2007.05.14"]

1. e4 e5 2. Nf3 Nc6 3. Bb5 Nf6 4. O-O Nxe4 5. d4 Nd6 6. Bxc6 dxc6 7. dxe5 Nf5
8. Qxd8+ Kxd8 9. Nc3 h6 10. b3 Ne7 11. Bb2 Bg4 12. Nd4 c5 13. Nde2 Kc8 14. Rad1
b6 15. Rd2 Bf5 16. Ng3 Be6 17. Nce2 Kb7 18. Nf4 Bc8 19. e6 Rh7 20. Rd8 g5 21.
Rxf8 gxf4 22. exf7 Ng6 23. Rg8 Rxf7 24. Rxg6 fxg3 25. Rxg3 a5 26. a4 Bf5 27.
Rf3 Re8 28. Bc1 h5 29. Be3 Rg8 30. Rf4 Rg4 31. Rc1 Kc6 32. Kf1 Kd5 33. Rf3 Kc6
34. h3 Re4 35. c4 Re8 36. Ke1 Rg8 37. g3 Rgf8 38. Rxf5 Rxf5 39. Ke2 Rf3 40. Rh1
Kd7 41. Rd1+ Ke6 42. Rd5 R3f5 43. Rd1 Rf3 44. Rd5 1/2-1/2

[Event "Young Stars of the World 2007"]
[Site "Kirishi RUS"]
[Date "2007.05.23"]
[Round "7.4"]
[White "Lintchevski, Daniil"]
[Black "Grigoryan, Avetik"]
[Result "1/2-1/2"]
[WhiteElo "2445"]
[BlackElo "2455"]
[PlyCount "113"]
[EventDate "2007.05.14"]
[EventType "tourn"]
[EventRounds "11"]
[EventCountry "RUS"]
[Source "lmi"]
[SourceDate "2007.05.14"]

1. e4 e6 2. d4 d5 3. e5 c5 4. c3 Nc6 5. Nf3 Nh6 6. Na3 cxd4 7. cxd4 Bxa3 8.
bxa3 Nf5 9. Bb2 Qa5+ 10. Qd2 Bd7 11. g4 Qxd2+ 12. Kxd2 Nfe7 13. Rb1 Nc8 14. Bc3
Nb6 15. Bd3 f6 16. exf6 gxf6 17. g5 fxg5 18. Nxg5 h6 19. Nf3 O-O-O 20. Bb4 Nc4+
21. Bxc4 dxc4 22. Ke3 Be8 23. Rhc1 Bg6 24. Rb2 Bd3 25. Rg1 Rhg8 26. Rg3 h5 27.
Bc3 Ne7 28. Kd2 Rdf8 29. Rxg8 Nxg8 30. Ne5 Rxf2+ 31. Ke3 Rxb2 32. Bxb2 Nf6 33.
Bc1 Bb1 34. Kf4 b5 35. Kg5 Ng4 36. Nxg4 hxg4 37. Bd2 Bf5 38. Kf4 Bb1 39. Kxg4
Kd7 40. Kf4 Kd6 41. Ke3 Bxa2 42. Be1 Bb1 43. Kd2 Kc6 44. Bh4 a5 45. Kc3 Kd5 46.
Be7 Bf5 47. h4 Bg6 48. Bf8 Be8 49. Be7 Bf7 50. Bf8 Ke4 51. Be7 Kd5 52. Bf8 Bh5
53. Be7 Be2 54. Bf8 Ke4 55. Be7 Ke3 56. Bg5+ Ke4 57. Be7 1/2-1/2

[Event "Young Stars of the World 2007"]
[Site "Kirishi RUS"]
[Date "2007.05.23"]
[Round "7.5"]
[White "Kuzubov, Yuriy"]
[Black "Popov, Ivan"]
[Result "1-0"]
[WhiteElo "2545"]
[BlackElo "2533"]
[PlyCount "77"]
[EventDate "2007.05.14"]
[EventType "tourn"]
[EventRounds "11"]
[EventCountry "RUS"]
[Source "lmi"]
[SourceDate "2007.05.14"]

1. c4 c6 2. d4 d5 3. Nf3 Nf6 4. Nc3 a6 5. Qb3 e6 6. Bg5 h6 7. Bxf6 Qxf6 8. e4
dxe4 9. Nxe4 Qf4 10. Bd3 Nd7 11. O-O Be7 12. Rfe1 O-O 13. Rad1 Rd8 14. Bc2 b5
15. c5 a5 16. Qd3 g6 17. g3 Qc7 18. Qe3 Kg7 19. h4 h5 20. Neg5 Nf8 21. Kg2 Bd7
22. Qe4 f6 23. Nh3 e5 24. dxe5 Bxh3+ 25. Kxh3 f5 26. Qe3 Rxd1 27. Rxd1 Qa7 28.
Nd4 Qxc5 29. Bb3 a4 30. Rc1 Qa7 31. Bd1 Kh7 32. Rxc6 Qd7 33. e6 Qd8 34. Bf3 Rc8
35. Qe5 b4 36. Kg2 a3 37. bxa3 bxa3 38. Nxf5 gxf5 39. Qxf5+ 1-0

[Event "Young Stars of the World 2007"]
[Site "Kirishi RUS"]
[Date "2007.05.23"]
[Round "7.6"]
[White "Mamedov, Rauf"]
[Black "Safarli, Eltaj"]
[Result "1/2-1/2"]
[WhiteElo "2584"]
[BlackElo "2463"]
[PlyCount "267"]
[EventDate "2007.05.14"]
[EventType "tourn"]
[EventRounds "11"]
[EventCountry "RUS"]
[Source "lmi"]
[SourceDate "2007.05.14"]

1. e4 e5 2. Nf3 Nc6 3. d4 exd4 4. Nxd4 Nf6 5. Nxc6 bxc6 6. e5 Qe7 7. Qe2 Nd5 8.
c4 Nb6 9. Nc3 Qe6 10. Qe4 d5 11. exd6 cxd6 12. Bd3 f5 13. Qe3 g6 14. O-O Qxe3
15. Bxe3 Bg7 16. Rac1 Be6 17. b3 Kf7 18. Rfd1 Rhd8 19. Be2 d5 20. Bg5 Bf6 21.
Bxf6 Kxf6 22. c5 Nd7 23. Nb1 a5 24. Nd2 f4 25. Nf3 Ne5 26. Nd4 Bf5 27. a3 Rab8
28. Rc3 Rd7 29. Bf1 g5 30. Re1 Rc7 31. f3 h5 32. Kf2 h4 33. h3 Bg6 34. Ke2 Re7
35. Kd2 Rbe8 36. Rcc1 Rc7 37. Kc3 Ree7 38. b4 axb4+ 39. axb4 Ra7 40. Ra1 Be8
41. Ra5 Rac7 42. Ra6 Nf7 43. Rxe7 Kxe7 44. b5 cxb5 45. Kb4 Nd8 46. Bxb5 Bxb5
47. Kxb5 Rb7+ 48. Rb6 Ra7 49. Nf5+ Kd7 50. c6+ Kc7 51. Ne7 Ne6 52. Nxd5+ Kc8
53. Kc4 Ra5 54. Rb5 Ra2 55. c7 Nxc7 56. Nxc7 Kxc7 57. Rxg5 Kd6 58. Kd4 Ke6 59.
Ke4 Ra4+ 60. Kd3 Ra2 61. Rh5 Rxg2 62. Ke4 Ra2 63. Kxf4 Ra4+ 64. Kg5 Ra3 65. Kg4
Kf6 66. Rxh4 Kg6 67. Rh8 Ra1 68. Rb8 Rg1+ 69. Kf4 Rh1 70. Kg3 Rg1+ 71. Kf2 Ra1
72. h4 Ra4 73. Kg3 Rc4 74. Re8 Rc1 75. Re4 Kf5 76. Rf4+ Kg6 77. Ra4 Kf5 78.
Ra5+ Kg6 79. Kg4 Rg1+ 80. Kf4 Rh1 81. Ra6+ Kh5 82. Kf5 Rb1 83. Kf4 Rh1 84. Ra5+
Kg6 85. h5+ Kh6 86. Rf5 Re1 87. Re5 Rf1 88. Ra5 Rc1 89. Rg5 Rf1 90. Re5 Ra1 91.
Ke3 Re1+ 92. Kd4 Rf1 93. Ke4 Re1+ 94. Kd5 Rf1 95. Rf5 Re1 96. f4 Re2 97. Re5
Rf2 98. Ke4 Rf1 99. Rg5 Re1+ 100. Kf5 Ra1 101. Rg8 Ra2 102. Re8 Ra1 103. Re2
Rb1 104. Re3 Ra1 105. Re8 Rb1 106. Rg8 Ra1 107. Rg5 Rb1 108. Ke4 Re1+ 109. Kf3
Rf1+ 110. Ke3 Re1+ 111. Kf2 Rh1 112. Ke3 Re1+ 113. Kd4 Ra1 114. Re5 Ra4+ 115.
Ke3 Ra1 116. Kf3 Rf1+ 117. Kg4 Rg1+ 118. Kf3 Rf1+ 119. Ke4 Ra1 120. Rb5 Ra4+
121. Kf3 Ra1 122. Rg5 Rf1+ 123. Ke4 Re1+ 124. Kf5 Ra1 125. Rg8 Rb1 126. Rh8+
Kg7 127. Re8 Kh6 128. Re2 Ra1 129. Kf6 Kxh5 130. f5 Ra6+ 131. Kg7 Ra7+ 132. Kf6
Ra6+ 133. Re6 Ra8 134. Kf7 1/2-1/2

[Event "Young Stars of the World 2007"]
[Site "Kirishi RUS"]
[Date "2007.05.24"]
[Round "8.1"]
[White "Negi, Parimarjan"]
[Black "Safarli, Eltaj"]
[Result "1-0"]
[WhiteElo "2515"]
[BlackElo "2463"]
[PlyCount "123"]
[EventDate "2007.05.14"]
[EventType "tourn"]
[EventRounds "11"]
[EventCountry "RUS"]
[Source "lmi"]
[SourceDate "2007.05.14"]

1. e4 c5 2. Nf3 e6 3. d4 cxd4 4. Nxd4 Nf6 5. Nc3 Nc6 6. Nxc6 bxc6 7. e5 Nd5 8.
Ne4 f5 9. exf6 Nxf6 10. Nd6+ Bxd6 11. Qxd6 Ba6 12. Bxa6 Qa5+ 13. Bd2 Qxa6 14.
Bb4 O-O-O 15. a3 e5 16. O-O-O Rhe8 17. Rhe1 Re6 18. Qc5 d6 19. Qc3 c5 20. Qh3
Qc4 21. Ba5 Rd7 22. f3 g5 23. Kb1 g4 24. fxg4 Qxg4 25. Qd3 Rb7 26. h3 Qa4 27.
Qf5 Qd7 28. Bc3 Qe7 29. Bd2 Ne8 30. Bg5 Qd7 31. c4 h6 32. Be3 Rf6 33. Qh5 Ng7
34. Qh4 Qf5+ 35. Ka1 Rb3 36. g4 Qe6 37. g5 hxg5 38. Qe4 Kb8 39. Bxg5 Rf2 40.
Rf1 Rf5 41. h4 Rb6 42. Rxf5 Qxf5 43. Qxf5 Nxf5 44. Rf1 Ng3 45. Rf3 Ne4 46. Rf8+
Kb7 47. Ka2 d5 48. cxd5 c4 49. Rf7+ Kb8 50. Bd8 Rb5 51. Bc7+ Kc8 52. Bxe5 Rxd5
53. Bf4 c3 54. Rc7+ Kd8 55. Rc4 Nf2 56. Rxc3 Nd3 57. Be3 a6 58. h5 Ne1 59. h6
Rh5 60. Bd2 Ng2 61. Rg3 Nh4 62. Rg5 1-0

[Event "Young Stars of the World 2007"]
[Site "Kirishi RUS"]
[Date "2007.05.24"]
[Round "8.2"]
[White "Popov, Ivan"]
[Black "Mamedov, Rauf"]
[Result "1/2-1/2"]
[WhiteElo "2533"]
[BlackElo "2584"]
[PlyCount "87"]
[EventDate "2007.05.14"]
[EventType "tourn"]
[EventRounds "11"]
[EventCountry "RUS"]
[Source "lmi"]
[SourceDate "2007.05.14"]

1. e4 c5 2. Nf3 e6 3. d4 cxd4 4. Nxd4 a6 5. Nc3 Qc7 6. Bd3 Nf6 7. O-O Nc6 8.
Nxc6 dxc6 9. f4 e5 10. Kh1 Bd6 11. f5 b5 12. a4 b4 13. Nb1 h5 14. Nd2 h4 15.
Nc4 Bc5 16. Bg5 a5 17. h3 Ba6 18. Qe1 Bd4 19. Rb1 Nh5 20. Bxh4 Nf4 21. Bg3 Nxd3
22. cxd3 Bxc4 23. dxc4 f6 24. b3 O-O-O 25. Qe2 Qf7 26. Rbd1 Rd7 27. Rd3 Rhd8
28. Bh2 Qe7 29. Rfd1 Qc5 30. g4 Qe7 31. Kg2 Qc5 32. Bg3 Qe7 33. Be1 Rd6 34. Bd2
R8d7 35. Bc1 Qd8 36. h4 Ba7 37. Rxd6 Rxd6 38. Rxd6 Qxd6 39. Be3 Bxe3 40. Qxe3
Qd1 41. Kg3 Kd7 42. g5 Ke8 43. gxf6 gxf6 44. Qf3 1/2-1/2

[Event "Young Stars of the World 2007"]
[Site "Kirishi RUS"]
[Date "2007.05.24"]
[Round "8.3"]
[White "Grigoryan, Avetik"]
[Black "Kuzubov, Yuriy"]
[Result "1/2-1/2"]
[WhiteElo "2455"]
[BlackElo "2564"]
[PlyCount "57"]
[EventDate "2007.05.14"]
[EventType "tourn"]
[EventRounds "11"]
[EventCountry "RUS"]
[Source "lmi"]
[SourceDate "2007.05.14"]

1. d4 Nf6 2. Nf3 d5 3. c4 c6 4. Nc3 dxc4 5. a4 Bf5 6. Ne5 Nbd7 7. Nxc4 Nb6 8.
Ne5 a5 9. Bg5 h6 10. Bh4 e6 11. e4 Bh7 12. f3 Be7 13. Bf2 O-O 14. Be2 Nfd7 15.
Nd3 Rc8 16. O-O c5 17. dxc5 Nxc5 18. Nxc5 Bxc5 19. Bxc5 Rxc5 20. Qxd8 Rxd8 21.
Rfd1 Rcc8 22. Rab1 f5 23. Kf2 fxe4 24. fxe4 Kf8 25. Rxd8+ Rxd8 26. Ke3 e5 27.
Bb5 Rd4 28. Rf1+ Ke7 29. Rf3 1/2-1/2

[Event "Young Stars of the World 2007"]
[Site "Kirishi RUS"]
[Date "2007.05.24"]
[Round "8.4"]
[White "Bindrich, Falko"]
[Black "Lintchevski, Daniil"]
[Result "1/2-1/2"]
[WhiteElo "2469"]
[BlackElo "2445"]
[PlyCount "110"]
[EventDate "2007.05.14"]
[EventType "tourn"]
[EventRounds "11"]
[EventCountry "RUS"]
[Source "lmi"]
[SourceDate "2007.05.14"]

1. e4 e5 2. Nf3 Nf6 3. Nxe5 d6 4. Nf3 Nxe4 5. d4 d5 6. Bd3 Nc6 7. O-O Be7 8. c4
Nb4 9. Be2 O-O 10. a3 Nc6 11. cxd5 Qxd5 12. Nc3 Nxc3 13. bxc3 Bf5 14. Re1 Rfe8
15. Be3 Bf6 16. Nd2 Na5 17. Qa4 Bd7 18. Qb4 Be7 19. Qb2 Bc6 20. Bf1 b5 21. Bf4
Qd7 22. Bg3 Bf8 23. Bd3 h6 24. Re3 Qd5 25. Bf1 Bd6 26. Rae1 a6 27. Be5 Bxe5 28.
Rxe5 Qd6 29. Qb4 Nb7 30. Nb3 Rxe5 31. dxe5 Qxb4 32. cxb4 Bd5 33. Re3 c6 34. Nd4
a5 35. Nc2 Nd8 36. f4 Ne6 37. g3 Nc7 38. Rc3 Be4 39. bxa5 Rxa5 40. Nb4 Nd5 41.
Rxc6 Rxa3 42. Rc8+ Kh7 43. Nxd5 Bxd5 44. Bxb5 Ra1+ 45. Kf2 Ra2+ 46. Ke3 Rxh2
47. f5 g6 48. Rd8 Ba2 49. e6 fxe6 50. Rd7+ Kg8 51. fxe6 Rh5 52. Bd3 Rg5 53.
Rd8+ Kg7 54. Rd7+ Kg8 55. Rd8+ Kg7 1/2-1/2

[Event "Young Stars of the World 2007"]
[Site "Kirishi RUS"]
[Date "2007.05.24"]
[Round "8.5"]
[White "Andriasian, Zaven"]
[Black "Zhigalko, Sergei"]
[Result "1/2-1/2"]
[WhiteElo "2523"]
[BlackElo "2540"]
[PlyCount "51"]
[EventDate "2007.05.14"]
[EventType "tourn"]
[EventRounds "11"]
[EventCountry "RUS"]
[Source "lmi"]
[SourceDate "2007.05.14"]

1. e4 c5 2. Nf3 Nc6 3. d4 cxd4 4. Nxd4 Nf6 5. Nc3 e5 6. Ndb5 d6 7. Bg5 a6 8.
Na3 b5 9. Nd5 Be7 10. Bxf6 Bxf6 11. c3 Bg5 12. Nc2 Ne7 13. Ncb4 O-O 14. Be2
Nxd5 15. Nxd5 Rb8 16. O-O g6 17. a4 bxa4 18. Rxa4 Rxb2 19. Bxa6 Be6 20. Bc4 Kh8
21. Rb4 Rxb4 22. cxb4 f5 23. Qd3 fxe4 24. Qxe4 Qb8 25. b5 Qa7 26. Ne3 1/2-1/2

[Event "Young Stars of the World 2007"]
[Site "Kirishi RUS"]
[Date "2007.05.24"]
[Round "8.6"]
[White "Nepomniachtchi, Ian"]
[Black "Gorovykh, Eduard"]
[Result "1/2-1/2"]
[WhiteElo "2602"]
[BlackElo "2416"]
[PlyCount "60"]
[EventDate "2007.05.14"]
[EventType "tourn"]
[EventRounds "11"]
[EventCountry "RUS"]
[Source "lmi"]
[SourceDate "2007.05.14"]

1. e4 e5 2. Nf3 Nc6 3. Bc4 Nf6 4. d3 h6 5. O-O d6 6. Nc3 g6 7. Ne1 Bg7 8. f4
O-O 9. Nf3 Kh7 10. Qe1 exf4 11. Bxf4 Be6 12. Ng5+ Kh8 13. Nxe6 fxe6 14. Bxe6
Nd4 15. Bb3 Ng4 16. h3 Nxb3 17. axb3 Bd4+ 18. Kh1 g5 19. Bg3 Nf6 20. Qe2 g4 21.
Bh4 gxh3 22. Nb5 Bxb2 23. e5 Bxa1 24. Bxf6+ Rxf6 25. Rxf6 Bxe5 26. Rxh6+ Kg7
27. Qh5 hxg2+ 28. Kg1 Qe8 29. Qg5+ Kf8 30. Rh7 Qe6 1/2-1/2